000 00338nam a2200145Ia 4500
999 _c16092
_d16092
082 _a297 ISL-
245 0 _aIslam, globalization and postmodernity
260 _aLondon
_bRoutledge
_c1996
300 _axiv, 242
504 _aincludes index
650 _aIslam
700 _aDonnan, Hastings.
700 _aAhmed, Akbar S.
942 _cBK